|
|
|
|
| LEADER |
01084nam a2200241 a 4500 |
| 001 |
443942 |
| 008 |
111112s1983 maua 000 0 eng |
| 010 |
|
|
|a 82016208
|
| 020 |
|
|
|a 0898381223 (pbk.)
|
| 040 |
|
|
|a DLC
|c DLC
|d DLC
|b D-DhAAL
|
| 082 |
0 |
0 |
|a 361.6/1
|2 19
|
| 245 |
0 |
0 |
|a Program evaluation :
|b a practitioner's guide for trainers and educators : design manual /
|c Robert O. Brinkerhoff ... [et al.].
|
| 260 |
|
|
|a Boston :
|b Kluwer-Nijhoff Pub.,
|c c1983.
|
| 300 |
|
|
|a xiii, 154 p. :
|b ill. ;
|c 24 cm.
|
| 490 |
1 |
|
|a Evaluation in education and human services series
|
| 541 |
|
|
|e 00004093
|
| 650 |
|
0 |
|a Evaluation research (Social action programs)
|x Handbooks, manuals, etc.
|
| 650 |
|
0 |
|a Educational accountability
|x Handbooks, manuals, etc.
|
| 700 |
1 |
|
|a Brinkerhoff, Robert O.
|
| 830 |
|
0 |
|a Evaluation in education and human services.
|
| 852 |
1 |
|
|a Ayesha Abed Library
|c General shelf.
|
| 999 |
|
|
|c 11389
|d 11389
|
| 952 |
|
|
|0 0
|1 0
|2 ddc
|4 0
|6 361_610000000000000_PRO
|7 0
|9 18522
|a BRACUL
|b BRACUL
|c GEN
|d 2011-11-12
|g 0.00
|l 0
|o 361.61 PRO
|p 3010004093
|r 2011-11-12
|t 1
|w 2011-11-12
|y BK
|z Not price in Register
|